| 000 | 00792nam a22001697a 4500 | ||
|---|---|---|---|
| 005 | 20240808142557.0 | ||
| 008 | 240808b ||||| |||| 00| 0 eng d | ||
| 020 | _a9789988079062 | ||
| 050 | _aREF | ||
| 100 | _9Agyemang E. K | ||
| 245 |
_aThe dynamics of trans-national: organized crime and terrorism: an emerging security challenges in West Africa _cE. K. Agyemang |
||
| 250 | _aREF | ||
| 300 |
_axxx, 490 p.: _biii.: _c28cm. |
||
| 500 | _aIncludes index | ||
| 505 | _aContents: organized crime and terrorism -- crime types by organized crime groups -- clarifying terrorism ambiguity why terrorism and extreme behavior: some theories applied -- selected terrorist groups -- terrorism and organized crime relationship -- combating organized crimes and terrorism. | ||
| 942 |
_2lcc _cBK _eREF |
||
| 999 |
_c10367 _d17867 |
||